Routines In The Night - Twenty One Pilots Lyrics - Statistics

General Stats
  • This quiz has been taken 195 times
  • The average score is 317 of 364
Answer Stats
Lyrics % Correct
the
99%
(The
99%
Walk
99%
walk
99%
I
98%
in
98%
(In
98%
night
98%
night,
98%
night)
98%
routines
98%
me
97%
So
97%
"stay
97%
(Stay
97%
a
96%
A
96%
do
96%
all
94%
(All
94%
layout,
94%
layout
94%
layout),
94%
out"
94%
out)
94%
Through
94%
through
94%
While
94%
white
94%
white)
94%
doors
93%
have
93%
memories,
93%
world
93%
world),
93%
around
92%
around,
92%
around)
92%
asleep,
92%
asleep
92%
asleep),
92%
head
92%
head)
92%
my
92%
Some
92%
spray
92%
down
91%
instead
90%
painted
90%
of
89%
and
87%
halls
87%
world's
86%
world's
86%
beautiful,
85%
got
85%
I've
85%
to
85%
you
85%
between
84%
dream
84%
Here
84%
here
84%
I'll
84%
keep
84%
REM
84%
space
84%
terrible
84%
the space
84%
time
84%
been
83%
before
83%
before,
83%
on
83%
reminder
82%
show
82%
what
82%
(What
82%
it
81%
painful
81%
why
81%
can
79%
I'm
77%
no
76%
give
75%
mind
75%
one
75%
company
73%
is
73%
is,
73%
is)
73%
jump
73%
next
73%
comes
72%
matter
71%
probably
71%
tour,
71%
but
70%
new
70%
send
70%
testing
70%
keeping
69%
limits
69%
comin'
68%
eyelids
66%
this
66%
up,
65%
it's
64%
It's
64%
cycle
62%
Just
61%
keeps
61%
(Keeps
61%
find
59%
good
59%
trip,
57%
psycho
56%
tough
56%
still
52%
learning
51%
days
50%
Reoccurring,
49%
skip,
49%
blurring
46%
Reassuring,
44%
(Lost
17%
No matching quizzes found
Score Distribution
Percent of People with Each Score
Percentile by Number Answered
Your Score History
You have not taken this quiz